00480nam a2200181 a 450000100060000000300090000600800410001502000150005604000280007108200140009910000210011324500340013426000500016830000110021849000300022965000310025965000080029019100CO-ViMGA141112s2004 ck r 000 u spa d a968165921X aCO-ViMGAbspacCO-ViMGA04a535 C377l1 aCetto, Ana Maria10aLa Luz : bCiencia para todos aMexico : bFondo de Cultura Ecónomica; 1999 a130 p. aLa Ciencia para todos/ 3214aFENOMENOS OPTICOS - FISICA14aLUZ